000 00814nmc a2200313 a 4500
003 AR-BaBNM
005 20251128205705.0
008 258019s1987 ||||||||||||||000 | spa||
020 _a84-206-2335-0
040 _cAR-BaBNM
100 1 _aArendt, Hannah
245 1 0 _aLos orĂ­genes del totalitarismo
_btotalitarismo
_n3
260 _aMadrid
_bAlianza Editorial
_c1987
300 0 _ap. 457-719
490 0 _aAlianza Universidad
_vv. 335
500 0 _aBIbliografĂ­a p. 709-718
650 4 _aESTADO
650 4 _aIDEOLOGIAS
650 4 _aGRUPOS
650 4 _aNAZISMO
650 4 _aTOTALITARISMO
650 4 _aPROCESOS SOCIALES
650 4 _aCIENCIAS POLITICAS
650 4 _aHISTORIA POLITICA
650 4 _aDICTADURA
700 1 _aSolana, Guillermo
_etraductor
942 _cBK
998 _cMariana
999 _c12415
_d12415